|
|
|
|
| LEADER |
00000naa2a2200000 4500 |
| 001 |
168294 |
| 005 |
20231031163049.0 |
| 035 |
|
|
|a (RuTPU)RU\TPU\book\182603
|
| 090 |
|
|
|a 168294
|
| 100 |
|
|
|a 20091027d2008 k y0rusy50 ca
|
| 101 |
0 |
|
|a rus
|
| 102 |
|
|
|a RU
|
| 200 |
1 |
|
|a Анализ товарных свойств дизельных дистилляторов из нефти Томской области
|f И. С. Орехов
|g науч. рук. С. М. Долгих
|
| 320 |
|
|
|a Библиогр.: 2 назв.
|
| 463 |
|
0 |
|0 (RuTPU)RU\TPU\book\176288
|t Химия и химическая технология в XXI веке
|o IX Всероссийская научно-практическая конференция студентов и аспирантов, Томск, 14-16 мая 2008 г.
|o сборник материалов
|f Томский политехнический университет (ТПУ) ; Химия и химическая технология в XXI веке
|v С. 252
|d 2008
|p 338 с.
|
| 610 |
1 |
|
|a нефть
|
| 610 |
1 |
|
|a Томская область
|
| 610 |
1 |
|
|a дизельные дистилляторы
|
| 610 |
1 |
|
|a дизельное топливо
|
| 610 |
1 |
|
|a труды учёных ТПУ
|
| 700 |
|
1 |
|a Орехов
|b И. С.
|
| 702 |
|
1 |
|a Долгих
|b С. М.
|4 727
|
| 801 |
|
1 |
|a RU
|b 63413507
|c 20091027
|
| 942 |
|
|
|c BK
|